| 000 | 00722nam a22002417a 4500 | ||
|---|---|---|---|
| 999 |
_c7532 _d7532 |
||
| 001 | 21194 | ||
| 003 | BD-DhUAP | ||
| 005 | 20210124103826.0 | ||
| 008 | 210124r20032010ii a 001 0 eng | ||
| 020 | _a9780070617124 | ||
| 020 | _a0070617120 | ||
| 040 |
_aBD-DhAAL _cBD-DhAAL _dBD-DhAAL _bEng |
||
| 082 | 0 | 0 |
_223 _a537.622 NEA |
| 100 | 1 |
_aNeamen, Donald A. _93587 |
|
| 245 | 1 | 0 |
_aSemiconductor physics and devices / _cDonald A. Neamen. |
| 250 | _a3rd ed. | ||
| 260 |
_aNew Delhi : _bMcGraw-Hill, _cc2003 [Reprinted 2010]. |
||
| 300 |
_axvi, 705 pages : _billustrations ; _c25 cm. |
||
| 504 | _aIncludes bibliographical references and index. | ||
| 650 | 0 |
_aSemiconductors. _9360 |
|
| 942 |
_2ddc _cBK _05 |
||